000 00608nam a2200265Ia 4500
005 20250425162607.0
008 250425s9999 xx 000 0 und d
020 _a0030976014
041 _aeng
082 _a658.8
100 _aBOONE, LOUIS E.
245 0 _aCONTEMPORARY MARKETING PLUS
250 _a8TH ED.
260 _aEstados Unidos
_bBOONE, LOUIS E.
_c1995
260 _aS.L.
_bDRYDEN
300 _a737
500 _aDONACION
650 _aCOMERCIO
650 _aMARKETING
650 _aMERCADO
650 _aVENTAS
710 _aTHE DRYDEN PRESS
942 _c01
010 _a88071
999 _c232428
_d232428